000 00605nam a2200217Ia 4500
005 20250326143941.0
008 250326s9999 xx 000 0 und d
020 _a0-415-38438-9
037 _aTextbook
040 _aFMSL
_beng
_cFMSL
041 _aeng
_2eng
084 _aX:8y7 P6
_qFMSL
100 _aLowstedt J
_9748795
245 0 _aProducing management knowledge:research as practice
_cLowstedt J; Stjernberg T
260 _aNY
_bNY, Routledge
_c2006
300 _a279p
365 _b164040.367596
650 _aManagement
942 _cTB
_hX:8y7 P6
999 _c1301745
_d1301745